The Work of CEDAW (Record no. 1390)
[ view plain ]
| 000 -LEADER | |
|---|---|
| fixed length control field | 00442nam a22001577a 4500 |
| 008 - FIXED-LENGTH DATA ELEMENTS--GENERAL INFORMATION | |
| fixed length control field | 230619b xxu||||| |||| 00| 0 eng d |
| 020 ## - INTERNATIONAL STANDARD BOOK NUMBER | |
| International Standard Book Number | 9211301742 |
| 050 ## - LIBRARY OF CONGRESS CALL NUMBER | |
| Item number | Vol 1 |
| 082 ## - DEWEY DECIMAL CLASSIFICATION NUMBER | |
| Classification number | 305.42 |
| Item number | UN |
| 100 ## - MAIN ENTRY--PERSONAL NAME | |
| Titles and words associated with a name | United Nations |
| 245 ## - TITLE STATEMENT | |
| Title | The Work of CEDAW |
| Remainder of title | Reports of the committee on the elimination of discrimination against women (CEDAW) |
| Statement of responsibility, etc. | Volume 3 1988 |
| 260 ## - PUBLICATION, DISTRIBUTION, ETC. (IMPRINT) | |
| Name of publisher, distributor, etc. | UN |
| Date of publication, distribution, etc. | 1988 |
| 300 ## - PHYSICAL DESCRIPTION | |
| Extent | 193p |
| 440 ## - SERIES STATEMENT/ADDED ENTRY--TITLE | |
| Volume/sequential designation | Volume 3 |
| 942 ## - ADDED ENTRY ELEMENTS (KOHA) | |
| Source of classification or shelving scheme | Dewey Decimal Classification |
| Koha item type | Books |
| Withdrawn status | Lost status | Source of classification or shelving scheme | Damaged status | Not for loan | Home library | Current library | Date acquired | Total Checkouts | Full call number | Barcode | Date last seen | Price effective from | Koha item type |
|---|---|---|---|---|---|---|---|---|---|---|---|---|---|
| Dewey Decimal Classification | County Hall Archives | County Hall Archives | 06/19/2023 | 305.42 UN | 10010943 | 06/19/2023 | 06/19/2023 | Books |
